00745nam a2200241 a 4500001001300000003000900013005001700022008004100039020002300080082001600103100002200119245008100141260003600222300000900258500003500267505001000302650002000312700002200332902000800354942000700362952011700369999001700486nice12345678IN_TiNIC20260116014013.0050524s2003 newa grp 000 0 eng  a0147729 c25000a891.21bSEL aSelby, Martha Ann aCircle of Six Seasonsb a Selection from Old Tamil, Prakrit and Sanskrit Poe aNew DelhibPenguin Books c2003 a163p aincludes index and biblioraphy2 aIndex aSanskrit-Poetry1 aSelby, Martha Ann bSRS cBK 001040708StackRoom-aHMIbHMId2007-06-15g250.00l0o891.21 SELp020489r2007-06-15v250.00w2005-05-24yBK c13459d13459